000 00490nam a2200181Ia 4500
008 131103s9999 xx 000 0 und d
040 _aLoreto College
041 _aEnglish
082 _a822.6/
_bGOL LCBkB/E347
100 _aGoldsmith, Oliver
245 _aShe stoops to conquer
_cOliver Goldsmith
260 _aLondon
_bMacmillan
_c1960
300 _axlii,107p
_c 20cm
440 _aEnglish Literature Series
650 _aEnglish drama
850 _aLCBkB/822.6/ GOL
942 _cBK
999 _c35762
_d86241